[Event "VI Moncada Open"]
[Site "Santiago de Cuba CUB"]
[Date "2009.05.25"]
[Round "9"]
[White "Corrales Jimenez,Z"]
[Black "Lucena,L"]
[Result "1-0"]
[WhiteElo "2245"]
[BlackElo "2206"]

1.e4 c5 2.Nf3 Nc6 3.Nc3 d6 4.d4 cxd4 5.Nxd4 Nf6 6.Bg5 e6 7.Qd2 a6 8.f3 Bd7
9.O-O-O b5 10.Nxc6 Bxc6 11.h4 h6 12.Be3 Be7 13.Ne2 Rc8 14.Nd4 Bb7 15.Kb1 Nd7
16.g4 Ne5 17.Rc1 Bxh4 18.g5 Ng6 19.gxh6 gxh6 20.Rg1 Qf6 21.Bd3 Ke7 22.f4 Nxf4
23.Rcf1 Rhg8 24.Rxg8 Rxg8 25.Rxf4 Qxf4 26.Bxf4 Rg1+ 27.Qc1 Rxc1+ 28.Kxc1 Bf2
29.c3 f5 30.Bxh6 fxe4 31.Be2 b4 32.Nc2 bxc3 33.bxc3 Kf6 34.Kd2 Bb6 35.Be3 Bc7
36.Nb4 a5 37.Nc2 Bd5 38.c4 Bc6 39.Nd4 Bb7 40.Bg5+ Ke5 41.Nb5 Bb6 42.Be3 Bxe3+
43.Kxe3 Bc6 44.Nd4 Be8 45.a3 Bd7 46.Bg4 Kf6 47.Nb3 Ba4 48.Nd2 d5 49.Kd4 Bc6
50.cxd5 exd5 51.Nf1 Ke7 52.Ne3 Kd6 53.Bh5 Ke6 54.Bd1 Kd6 55.Bb3  1-0

[Event "Subic Open"]
[Site "Subic PHI"]
[Date "2009.05.25"]
[Round "1"]
[White "Deepan,C"]
[Black "Castellano,Christo"]
[Result "1-0"]
[WhiteElo "2482"]
[BlackElo "2295"]

1.e4 c5 2.Nf3 Nc6 3.Nc3 g6 4.d4 cxd4 5.Nxd4 Bg7 6.Be3 Nf6 7.Bc4 Qa5 8.O-O O-O
9.Nd5 Re8 10.Nb5 Nxd5 11.exd5 Ne5 12.Be2 a6 13.b4 Qd8 14.Nd4 f5 15.f4 Nf7
16.c4 e6 17.Bf2 Qc7 18.g3 exd5 19.Rc1 b6 20.Bf3 Bb7 21.c5 b5 22.Qb3 Rad8
23.Rfd1 Re4 24.Bxe4 fxe4 25.Nc2 Bc6 26.Bd4 Bf8 27.Ne3 d6 28.cxd6 Qxd6 29.Ng4 Bg7
30.Bxg7 Qe6 31.Bd4  1-0

[Event "VI Muhamedzjanov Mem"]
[Site "Naberezhnye Chelny RUS"]
[Date "2009.05.26"]
[Round "7"]
[White "Markosian,D"]
[Black "Romanenko,Vl"]
[Result "1/2-1/2"]
[WhiteElo "2444"]
[BlackElo "2490"]

1.e4 c5 2.Nf3 Nc6 3.Nc3 Nf6 4.Bb5 Qc7 5.O-O Nd4 6.Re1 a6 7.Bf1 e5 8.Nd5 Nxd5
9.exd5 Bd6 10.Nxd4 cxd4 11.c3 Qc5 12.Qf3 O-O 13.b4 Qb6 14.cxd4 Qxd4 15.Rb1 b5
16.Bb2 Qxd2 17.Bxe5 Bxe5 18.Rxe5 Bb7 19.a3 Rae8 20.Rxe8 Rxe8 21.Rd1 Qg5 22.g3 g6
23.h4 Qe5 24.Bh3 d6 25.Qd3 Bc8 26.Bxc8 Rxc8 27.Qd2 Kg7 28.Re1 Qc3 29.Qe3 Qxe3
30.Rxe3 Kf6 31.Rf3+ Ke7 32.Re3+ Kd7 33.Kg2 Rc2 34.Rd3 h5 35.Kf3 Ke7 36.Kg2 Kf6  1/2-1/2

[Event "Subic Open"]
[Site "Subic PHI"]
[Date "2009.05.28"]
[Round "5"]
[White "Mariano,N2"]
[Black "Chua,Aa"]
[Result "1-0"]
[WhiteElo "2092"]
[BlackElo "2116"]

1.e4 c5 2.Ne2 Nc6 3.Nbc3 Nf6 4.g3 d6 5.Bg2 e5 6.O-O Be7 7.d3 Nd4 8.h3 O-O
9.f4 Bd7 10.g4 Bc6 11.Ng3 Nd7 12.Nce2 Bh4 13.Nxd4 cxd4 14.Nf5 Be7 15.Kh1 Nc5
16.g5 Ne6 17.Nxe7+ Qxe7 18.f5 Nxg5 19.h4 Nxe4 20.dxe4 Qxh4+ 21.Kg1 Bxe4 22.Bxe4 Qxe4
23.Qf3 Qxf3 24.Rxf3 e4 25.Rg3 f6 26.Bf4 Rfc8 27.Rd1 Rxc2 28.Rxd4 Rd8 29.Rxe4 Kf7
30.Rb4 b6 31.Be3 g5 32.Rh3 Kg7 33.Re4 Rd7 34.Bd4 Rd2 35.Kf1 Rc7 36.Rc3 Rf7
37.Rce3 d5 38.Ke1 Rc2 39.Rg4 Kf8 40.Re6 h5 41.Rg1 Rc1+ 42.Kf2 Rc4 43.Ke3 Re7
44.Bxf6 Re4+ 45.Rxe4 Rxe4+ 46.Kd3 g4 47.Rh1 Kf7 48.Bd4 g3 49.Rxh5 Rg4 50.Rh7+ Kf8
51.Rh1 Rf4 52.Rg1 Rxf5 53.Rxg3 Rh5 54.Rg6 Rh3+ 55.Be3 Rh2 56.Bd2 Rh4 57.Rd6 Rh3+
58.Kd4 Ke7 59.Rxd5 Ke6 60.Kc4 Rh4+ 61.Rd4 b5+ 62.Kc5 Rh8 63.Bc3 Rh5+ 64.Kc6 a6
65.Kb6 Rh8 66.Re4+  1-0

[Event "3rd ENCI Limburg Open"]
[Site "Maastricht NED"]
[Date "2009.05.29"]
[Round "1"]
[White "Guliyev,N"]
[Black "Bus,T"]
[Result "1-0"]
[WhiteElo "2534"]
[BlackElo "2225"]

1.e4 c5 2.Nf3 Nc6 3.Nc3 d6 4.d4 cxd4 5.Nxd4 Nf6 6.Bc4 Qb6 7.Nb3 e6 8.Bf4 Ne5
9.Be2 Bd7 10.Qd2 a6 11.f3 h5 12.a4 Qc7 13.a5 Rc8 14.O-O h4 15.Rfd1 Be7 16.Qe3 Rh5
17.h3 Qb8 18.Kh1 Bd8 19.Bh2 Rh6 20.f4 Nc4 21.Bxc4 Rxc4 22.e5 dxe5 23.fxe5 Ng4
24.hxg4 Rxg4 25.Rxd7 Kxd7 26.Qf3 Rhg6 27.Ne4 Qc7 28.Nbc5+ Kc8 29.Nd6+ Kb8
30.Ndxb7  1-0

[Event "Doroshkevicha Mem"]
[Site "Belorechensk RUS"]
[Date "2009.05.30"]
[Round "8"]
[White "Karapetian,A"]
[Black "Kostrikina,A"]
[Result "0-1"]
[WhiteElo "1956"]
[BlackElo "2131"]

1.e4 c5 2.Nc3 Nc6 3.Nge2 g6 4.g3 Bg7 5.Bg2 d6 6.d3 e5 7.f4 Nge7 8.O-O O-O
9.Be3 Nd4 10.Qd2 Rb8 11.h3 b5 12.g4 b4 13.Nd1 Nxe2+ 14.Qxe2 exf4 15.Bxf4 Rb6
16.Qd2 d5 17.Bh6 Bxh6 18.Qxh6 dxe4 19.Bxe4 f5 20.Bf3 fxg4 21.Bxg4 Rxf1+ 22.Kxf1 Rf6+
23.Nf2 Qd4 24.Qh4 Bxg4 25.hxg4 Nf5 26.Qh2 Ne3+ 27.Ke2 Nxc2 28.Rh1 Rf7 29.Qb8+ Kg7
30.Qh2 Qe3+ 31.Kd1 Qxf2 32.Qxh7+ Kf6 33.Qh8+ Ke6 34.Qe8+ Kd6 35.Qb8+ Kc6
36.Qc8+ Kb6 37.Qb8+ Rb7 38.Qh2 Ne3+ 39.Kc1 Qxh2 40.Rxh2 Nxg4 41.Rg2 Ne5 42.Kc2 Rg7
43.Re2 Nd7  0-1

[Event "TOP 16 Poule Haute"]
[Site "Le Port Marly FRA"]
[Date "2009.05.30"]
[Round "10"]
[White "Abergel,T"]
[Black "Belkhodja,S"]
[Result "1-0"]
[WhiteElo "2497"]
[BlackElo "2479"]

1.e4 c5 2.Nf3 Nc6 3.Nc3 e5 4.Bc4 Be7 5.Nd5 Nf6 6.Nxe7 Qxe7 7.d3 d6 8.c3 O-O
9.Bg5 h6 10.Bh4 Be6 11.Bb5 a6 12.Ba4 b5 13.Bc2 d5 14.exd5 Bxd5 15.O-O Rad8
16.Re1 Rfe8 17.Nd2 Rd6 18.Qe2 Qb7 19.Bxf6 Rxf6 20.Ne4 Rg6 21.Qe3 Bxe4 22.dxe4 c4
23.Red1 Rd8 24.Rd5 Rgd6 25.Rad1 R6d7 26.Qd2 Rxd5 27.exd5 Ne7 28.d6 Nc8 29.d7 Nb6
30.Bf5 Qc6 31.b3 Qf6 32.Bh3 cxb3 33.axb3 Na8 34.c4 Nc7 35.c5  1-0

[Event "XXXI Nezhmetdinov Mem"]
[Site "Kazan RUS"]
[Date "2009.05.31"]
[Round "1"]
[White "Kupreichik,V"]
[Black "Gorishniy,Y"]
[Result "1/2-1/2"]
[WhiteElo "2453"]
[BlackElo "2093"]

1.e4 c5 2.Nc3 Nc6 3.Nf3 d6 4.d4 cxd4 5.Nxd4 Nf6 6.Bg5 e6 7.Qd2 a6 8.O-O-O Bd7
9.f4 b5 10.Nxc6 Bxc6 11.Qe3 Be7 12.Bxf6 gxf6 13.Kb1 Rb8 14.Bd3 Qb6 15.Qh3 b4
16.Ne2 a5 17.Ng3 a4 18.Bc4 Qc5 19.b3 a3 20.Rhe1 Rc8 21.Nf1 d5 22.exd5 Bxd5
23.Ne3 Bxc4 24.Nxc4 Rd8 25.Qg3 Rxd1+ 26.Rxd1 Qh5 27.Rd2 Qg6 28.Qd3 Qxd3 29.Rxd3 Bc5
30.c3 Rg8 31.cxb4 Bxb4 32.g3 h5 33.Kc2 h4 34.Kd1 hxg3 35.hxg3  1/2-1/2

[Event "TOP 16 Poule Basse"]
[Site "Le Port Marly FRA"]
[Date "2009.05.31"]
[Round "11"]
[White "Karim,I"]
[Black "Guichard,P"]
[Result "1-0"]
[WhiteElo "2407"]
[BlackElo "2257"]

1.e4 c5 2.Nf3 Nc6 3.Nc3 e5 4.Bc4 Be7 5.d3 Nf6 6.O-O O-O 7.Ng5 h6 8.f4 b5
9.Nxf7 Rxf7 10.Bxf7+ Kxf7 11.fxe5 Nxe5 12.Qh5+ Ke6 13.Qf5+ Kd6 14.d4 Kc6
15.dxe5 d6 16.e6 Qg8 17.Nd5 Bd8 18.Nxf6  1-0

[Event "Copper State Int"]
[Site "Mesa USA"]
[Date "2009.05.31"]
[Round "4"]
[White "Hortillosa,A"]
[Black "Harmon,L"]
[Result "1/2-1/2"]
[WhiteElo "2143"]
[BlackElo "2011"]

1.e4 c5 2.Nc3 Nc6 3.Bb5 d6 4.f4 Bd7 5.Nf3 g6 6.O-O Bg7 7.Bxc6 Bxc6 8.d3 Nf6
9.h3 O-O 10.Kh2 b5 11.Qe1 b4 12.Ne2 Nd7 13.g4 e6 14.Ng3 d5 15.c3 Bb5 16.Qd2 bxc3
17.bxc3 dxe4 18.Nxe4 Qa5 19.Rb1 Rad8 20.g5 Bc6 21.c4 Qa6 22.Qe2 Bxe4 23.dxe4 Nb6
24.Rb5 Na4 25.Bd2 Rd7 26.e5 Rfd8 27.Ba5 Rc8 28.Rd1 Rxd1 29.Qxd1 Nb6 30.Qb3 Qb7
31.Bxb6 axb6 32.Rxb6 Qe4 33.Kg3 Bf8 34.a4 Rd8 35.Qb1 Rd3 36.Qf1 Ra3 37.Rb8 Kg7
38.a5 Be7 39.h4 h5 40.a6 Rxa6 41.Rb3 Ra2 42.Qd3 Qc6 43.Rc3 Qa4 44.Rc1 Ra3
45.Rc3 Ra1 46.Rc2 Qb4 47.Qc3 Qa4 48.Qd3 Rb1 49.Rc3 Rb2 50.Ra3 Qc6 51.Ra7 Bf8
52.Qd7 Qxd7 53.Rxd7 Rb3 54.Kf2 Rc3 55.Nd2 Rc2 56.Ke2 Rc3 57.Rd3 Rc1 58.Rd7 Rc3
59.Rd3 Rc1 60.Ke3 Re1+ 61.Kf2 Rc1 62.Ke2 Be7 63.Rd7 Bf8 64.Kd3 Kg8 65.Rc7 Rd1
66.Ke2 Rc1 67.Rc8 Kg7 68.Rb8 Rc3 69.Rb3 Rc1 70.Ra3 Be7 71.Ra4 Rh1 72.Nf3 Rc1
73.Kd2 Rf1 74.Ra3 Rf2+ 75.Ke3 Rf1 76.Rc3 Rh1 77.Kd2 Rf1 78.Kc2 Rh1 79.Re3 Bf8
80.Re1 Rh3 81.Rf1 Rg3 82.Kd3 Be7 83.Ke3 Rg2 84.Rf2  1/2-1/2

[Event "3rd ENCI Limburg Open"]
[Site "Maastricht NED"]
[Date "2009.06.01"]
[Round "7"]
[White "Broekmeulen,Ja"]
[Black "Kuipers,S"]
[Result "1/2-1/2"]
[WhiteElo "2318"]
[BlackElo "2343"]

1.e4 c5 2.Nf3 Nc6 3.Nc3 Nf6 4.d4 cxd4 5.Nxd4 e5 6.Ndb5 d6 7.Bg5 a6 8.Na3 b5
9.Nd5 Be7 10.Bxf6 Bxf6 11.c3 Rb8 12.Nc2 O-O 13.h4 Be7 14.Bd3 Be6 15.Nce3 Qd7
16.Qd2 Bd8 17.g3 Ne7 18.Nxe7+ Qxe7 19.f4 exf4 20.gxf4 Bb6 21.Kf1 Qb7 22.Nd5 Bxd5
23.exd5 f5 24.Qg2 Rbe8 25.Rh3 b4 26.cxb4 Be3 27.Re1 Bxf4 28.Rxe8 Rxe8 29.Bxf5 Qb5+
30.Bd3 Qxb4 31.Qf2 Be5 32.Rf3 Bf6 33.Rf4 Qa5 34.b4 Qa3 35.Bf5 Qc3 36.Be6+ Kh8
37.h5 h6 38.Kg2 Rf8 39.Qe2 Qa3 40.Qd2 Qa4 41.Rf2 Qe8 42.Qe2 Bd4 43.Rxf8+ Qxf8
44.Qc2 Qd8 45.Qc8 Qxc8 46.Bxc8 Bc3 47.Bxa6 Bxb4 48.Kf3 Kg8 49.Ke4 Kf7 50.Kd4 Ke7
51.Bd3 Kd7 52.Kc4 Ba3 53.Kb5 Kc7 54.Ka6 Bc5 55.a4 Bd4  1/2-1/2

[Event "ch-UZB"]
[Site "Tashkent UZB"]
[Date "2009.06.01"]
[Round "4"]
[White "Iuldachev,S"]
[Black "Holmirzaev,B"]
[Result "1-0"]
[WhiteElo "2497"]
[BlackElo "2265"]

1.e4 c5 2.Nc3 Nc6 3.Bb5 Nd4 4.Bc4 g6 5.Nf3 Bg7 6.Nxd4 cxd4 7.Qf3 Nh6 8.Ne2 O-O
9.d3 Ng4 10.Qg3 Nf6 11.h4 Qb6 12.Bb3 d5 13.exd5 Nxd5 14.h5 Bf5 15.Qh4 Nf6
16.Nxd4 Bg4 17.Ne2 Qa5+ 18.Nc3 Rfc8 19.Bd2 Qe5+ 20.Kf1 gxh5 21.Re1 Qd6 22.Ne4 Qa6
23.Bc3 Rc6 24.Qg5 Kf8 25.f3 h6 26.Qf4 Be6 27.Nxf6 exf6 28.Rxh5 Bxb3 29.axb3 Re6
30.Rxe6 Qxe6 31.Qb4+ Kg8 32.Qxb7 Rc8 33.Qe4 Qa6 34.Ra5 Qd6 35.Rxa7 Qh2 36.Ra8 Qh1+
37.Kf2 Rxa8 38.Qxa8+ Kh7 39.Qe4+ Kg8 40.d4 h5 41.d5 h4 42.Qf5 Qd1 43.b4 Bh6
44.Qd3 Qh1 45.Qe4 Qc1 46.d6 Bf4 47.d7 Bg3+ 48.Ke2 Bc7 49.Bxf6  1-0

[Event "59th ch-RUS w HL"]
[Site "Voronezh RUS"]
[Date "2009.06.01"]
[Round "1"]
[White "Stepovaia Dianchenko,T"]
[Black "Shaidullina,S"]
[Result "0-1"]
[WhiteElo "2365"]
[BlackElo "2235"]

1.e4 c5 2.Nc3 Nc6 3.Bb5 Nd4 4.Bc4 a6 5.Nf3 Nf6 6.d3 b5 7.Bd5 Nxd5 8.Nxd5 e6
9.Nf4 g6 10.h4 h6 11.c3 Nxf3+ 12.Qxf3 Bb7 13.Be3 d6 14.Qe2 Bg7 15.Qd2 Bf6
16.h5 g5 17.Ne2 Rc8 18.f4 c4 19.fxg5 hxg5 20.Nd4 d5 21.O-O e5 22.Rxf6 Qxf6
23.Rf1 Qd8 24.Nf5 f6 25.dxc4 Rxc4 26.exd5 Kd7 27.b3 Rc8 28.h6 Qa5 29.b4 Qa3
30.Rc1 a5 31.bxa5 Rc4 32.Bxg5 fxg5 33.Qxg5 Rg4 34.Qxg4 Qxc1+ 35.Kf2 Qf4+
36.Qxf4 exf4  0-1

[Event "Copper State Int"]
[Site "Mesa USA"]
[Date "2009.06.02"]
[Round "8"]
[White "Gareev,T"]
[Black "Ramirez,Alej"]
[Result "1/2-1/2"]
[WhiteElo "2590"]
[BlackElo "2563"]

1.e4 c5 2.Nc3 Nc6 3.Nf3 Nf6 4.Bb5 Qc7 5.O-O Nd4 6.Re1 Ng4 7.g3 Nxf3+ 8.Qxf3 Ne5
9.Qg2 e6 10.Bf1 Be7 11.d3 O-O 12.f4 Nc6 13.Be3 d6 14.Rad1  1/2-1/2

[Event "XXXI Nezhmetdinov Mem"]
[Site "Kazan RUS"]
[Date "2009.06.04"]
[Round "5"]
[White "Frolov,Arti"]
[Black "Gubaydulin,T"]
[Result "1/2-1/2"]
[WhiteElo "2435"]
[BlackElo "2265"]

1.e4 c5 2.Nf3 Nc6 3.Nc3 g6 4.d4 cxd4 5.Nxd4 Bg7 6.Be3 Nf6 7.Nxc6 bxc6 8.e5 Ng8
9.f4 Nh6 10.Be2 O-O 11.O-O Nf5 12.Bf2 d6 13.exd6 exd6 14.Qd2 Re8 15.Bf3 d5
16.Rfe1 Be6 17.Na4 Qc7 18.Rab1 Nd6 19.Nc5 Nc4 20.Qc1 Bf5 21.Rxe8+ Rxe8 22.b3 Nd6
23.Qd2 Nb5 24.Na4 h5  1/2-1/2

[Event "59th ch-RUS w HL"]
[Site "Voronezh RUS"]
[Date "2009.06.04"]
[Round "4"]
[White "Akatova,E"]
[Black "Kovalevskaya,E"]
[Result "0-1"]
[WhiteElo "2280"]
[BlackElo "2450"]

1.e4 c5 2.Nc3 Nc6 3.Nge2 e5 4.Nd5 d6 5.Nec3 Be7 6.Bc4 Nf6 7.d3 O-O 8.O-O Nxd5
9.Nxd5 Bg5 10.f4 exf4 11.Bxf4 Ne5 12.Bb3 Bxf4 13.Rxf4 Qg5 14.Qf1 Rb8 15.a4 Be6
16.Re1 Ng6 17.Rf3 a6 18.Rg3 Qe5 19.c3 b5 20.axb5 Rxb5 21.Bc4 Rxb2 22.Rf3 Qg5
23.Rg3 Qd8 24.Rb1 Rxb1 25.Qxb1 a5 26.d4 Qb8 27.Qa2 Qa7 28.Qd2 a4 29.h4 cxd4
30.cxd4 Bxd5 31.Bxd5 Nxh4 32.Kh2 Ng6 33.Rf3 Ne7 34.Ba2 d5 35.exd5 Qc7+ 36.Kg1 Qd6
37.Qa5 h6 38.Qxa4 Nxd5 39.Qc4 Nf6 40.Qc5 Rd8 41.Qxd6 Rxd6 42.Rc3 Kf8 43.Rc4 Ke7
44.Ra4 Rd7 45.Kf1 Ne4 46.Ra5 f6 47.Ke2 Nc3+ 48.Ke3 Nxa2 49.Rxa2 f5 50.Kf4 Rd5
51.Ra7+ Kf6 52.Ra6+ Kf7 53.Ke3 Rb5 54.Kf3 g6 55.Rd6 Rb1 56.Kf2 h5 57.g3 Rb3
58.Kg2 Re3 59.d5 Re4 60.Kf3 h4 61.gxh4 Rxh4 62.Ra6 Rd4 63.Ra5 g5 64.Ke3 Re4+
65.Kf2 Kf6 66.Ra3 Rd4 67.Ra5 Ke5 68.d6+ Kf4 69.Ra6 g4 70.Rb6 Rd2+ 71.Ke1 Rd5
72.Kf2 Ke5 73.Kg3 Rxd6 74.Rb5+ Ke4 75.Rb4+ Rd4 76.Rb8 Rd3+ 77.Kf2 Kf4 78.Rb4+ Kg5
79.Rb5 g3+ 80.Kg2 Kg4 81.Rb4+ f4 82.Ra4 Rd2+ 83.Kf1 Rb2 84.Rc4 Kh3  0-1

[Event "OKU"]
[Site "Utrecht NED"]
[Date "2009.06.05"]
[Round "1"]
[White "De Groote,E"]
[Black "Snuverink,L"]
[Result "1-0"]
[WhiteElo "2191"]
[BlackElo "1816"]

1.e4 c5 2.Nf3 Nc6 3.Nc3 g6 4.d4 cxd4 5.Nxd4 Bg7 6.Be3 Nf6 7.Bc4 Qa5 8.O-O O-O
9.Bb3 d6 10.h3 Bd7 11.f4 Rad8 12.Nf3 Qh5 13.Qe1 b6 14.Rd1 Na5 15.e5 Ne8 16.Ne4 Bxh3
17.Ng3 Qg4 18.gxh3 Qxh3 19.Bd5 Nc7 20.Ng5 Qc8 21.Bg2 dxe5 22.f5 Nc4 23.Bc1 h6
24.fxg6 fxg6 25.Rxf8+ Rxf8 26.Bh3 e6 27.Qe4 Rf4 28.Qxg6 hxg5 29.Bxf4 exf4
30.Nh5  1-0

[Event "ch-UZB"]
[Site "Tashkent UZB"]
[Date "2009.06.06"]
[Round "8"]
[White "Dzhumaev,M"]
[Black "Kvon,A"]
[Result "1-0"]
[WhiteElo "2552"]
[BlackElo "2425"]

1.e4 c5 2.Nf3 Nc6 3.Nc3 d6 4.g3 g6 5.Bg2 Bg7 6.O-O Nf6 7.h3 Rb8 8.d3 b5 9.Bg5 b4
10.Ne2 Nd7 11.d4 cxd4 12.Nexd4 Nxd4 13.Nxd4 Qc7 14.a3 bxa3 15.b3 O-O 16.Qd2 Re8
17.Be3 a6 18.Rxa3 Bb7 19.c4 Nc5 20.f3 Bc8 21.Rb1 Bd7 22.Bf2 Rb7 23.b4 Reb8
24.Bf1 Be8 25.Nc2 Nd7 26.Rxa6 Ne5 27.Qe2 Rc8 28.Ne3 e6 29.b5 g5 30.Rd1 Qb8
31.Raxd6 Bf8 32.R6d2 Bc5 33.Kh1 h6 34.f4 gxf4 35.gxf4 Ng6 36.f5 Ne5 37.Bg3  1-0

[Event "OKU"]
[Site "Utrecht NED"]
[Date "2009.06.06"]
[Round "4"]
[White "Van Leent,D"]
[Black "Nabuurs,M"]
[Result "0-1"]
[WhiteElo "2201"]
[BlackElo "2108"]

1.e4 c5 2.Nc3 Nc6 3.Bb5 Nd4 4.Bc4 g6 5.Nge2 a6 6.a3 Bg7 7.O-O d6 8.d3 e6
9.Ba2 Ne7 10.f4 O-O 11.Be3 b5 12.Qd2 Rb8 13.Ng3 Qc7 14.Qf2 a5 15.f5 exf5
16.Rae1 b4 17.axb4 axb4 18.Nd5 Nxd5 19.Bxd5 Be6 20.Bc4 Bxc4 21.dxc4 fxe4
22.c3 bxc3 23.bxc3 Ne6 24.Nxe4 f5 25.Ng5 Nxg5 26.Bxg5 Bxc3 27.Re7 Qxe7 28.Bxe7 Bd4
29.Bxd6 Bxf2+  0-1

[Event "59th ch-RUS w HL"]
[Site "Voronezh RUS"]
[Date "2009.06.06"]
[Round "6"]
[White "Stepovaia Dianchenko,T"]
[Black "Iljushina,O"]
[Result "1-0"]
[WhiteElo "2365"]
[BlackElo "2329"]

1.e4 c5 2.Nf3 Nc6 3.Nc3 e5 4.Bc4 Be7 5.d3 d6 6.O-O Nf6 7.Ng5 O-O 8.f4 exf4
9.Bxf4 Na5 10.Qd2 Nxc4 11.dxc4 Bg4 12.Rae1 Qd7 13.h3 Bh5 14.Nf3 Bg6 15.Qf2 Rfe8
16.e5 dxe5 17.Nxe5 Qd4 18.Re3 Nh5 19.Nxg6 fxg6 20.Be5 Qxc4 21.Re4 Qe6 22.Bxg7 Qf5
23.Qe2 Ng3 24.Qc4+ Kxg7 25.Rxf5 gxf5 26.Rxe7+ Rxe7 27.Qh4 Ne2+ 28.Nxe2 Rxe2
29.Qg5+ Kh8 30.Qf6+ Kg8 31.Qxf5 Rae8 32.Qxc5 b6 33.Qd5+ Kg7 34.a4 R8e7 35.b4 Kf6
36.c4 R2e4 37.a5 R4e5 38.Qd3 Rf5 39.Qc3+ Kf7 40.axb6 axb6 41.Qd3 Kf6 42.Qd4+ Kg5
43.h4+ Kg6 44.Qxb6+ Kh5 45.Qd4 Re1+ 46.Kh2 Rfe5 47.b5 R1e4 48.Qd1+ Kxh4 49.b6 Re1
50.Qd4+ R5e4 51.Qf2+ Kg4 52.Qf3+ Kg5 53.b7  1-0

[Event "1st SCS GM Open"]
[Site "Bhubaneswar IND"]
[Date "2009.06.07"]
[Round "1"]
[White "Deepan,C"]
[Black "Md.,Ri"]
[Result "1-0"]
[WhiteElo "2482"]
[BlackElo "1909"]

1.e4 c5 2.Nf3 Nc6 3.Nc3 e5 4.Bc4 h6 5.d3 Qc7 6.a3 a6 7.O-O b5 8.Ba2 Nf6 9.Nh4 d6
10.f4 exf4 11.Bxf4 g5 12.Bd2 gxh4 13.Rxf6 Ne5 14.Nd5 Qa7 15.Ba5 Rb8 16.Nc7+ Ke7
17.Nd5+ Ke8 18.d4 cxd4 19.Nc7+ Ke7 20.Qh5 Kxf6 21.Rf1+ Kg7 22.Rxf7+  1-0

[Event "FSIMA June"]
[Site "Budapest HUN"]
[Date "2009.06.08"]
[Round "3"]
[White "Lyell,M"]
[Black "Szalanczy,E"]
[Result "1-0"]
[WhiteElo "2300"]
[BlackElo "2295"]

1.e4 c5 2.Nc3 Nc6 3.Bb5 Nd4 4.Bc4 g6 5.Nf3 Bg7 6.Nxd4 cxd4 7.Qf3 Nh6 8.Ne2 O-O
9.d3 e5 10.h4 Kh8 11.h5 g5 12.Qg3 f6 13.c3 dxc3 14.Nxc3 d6 15.f3 Bd7 16.Be3 b5
17.Bd5 b4 18.Nd1 Bb5 19.Bxa8 Qxa8 20.Qf2 a5 21.b3 d5 22.Nb2 f5 23.Qd2 fxe4
24.Bxg5 Qa6 25.dxe4 dxe4 26.fxe4 Qc6 27.Nc4 Qxe4+ 28.Qe3 Qc6 29.Rf1 Rxf1+
30.Kxf1 Nf5 31.Qd3 h6 32.Qxf5 Bxc4+ 33.Kg1 Be6 34.Qg6 Qc5+ 35.Kh1 e4 36.Bf6 Qa7
37.Qxh6+ Kg8 38.Bxg7  1-0

[Event "XLIV Capablanca Memorial Open"]
[Site "Havana CUB"]
[Date "2009.06.08"]
[Round "1"]
[White "Alonso,J"]
[Black "Trujillo Villega,P"]
[Result "1-0"]
[WhiteElo "2266"]
[BlackElo "2209"]

1.e4 c5 2.Nc3 Nc6 3.Bb5 g6 4.Bxc6 dxc6 5.d3 Bg7 6.Be3 b6 7.Qd2 e5 8.h3 Qe7
9.Nge2 Nf6 10.Bh6 O-O 11.O-O Ne8 12.Rae1 Nc7 13.Bxg7 Kxg7 14.f4 exf4 15.Nxf4 Qe5
16.Nd1 Ne6 17.b3 Rd8 18.Ne3 Nxf4 19.Rxf4 Be6 20.Nf5+ Kh8 21.Qf2 Re8 22.Nh6 Qd4
23.Nxf7+ Kg7 24.Ng5 Bg8 25.Re3 Rf8 26.Ref3 Rxf4 27.Rxf4 h6 28.Nf3 Qxf2+ 29.Kxf2 g5
30.Rg4 Be6 31.Rg3 Kf6 32.Ng1 h5 33.Rf3+ Ke5 34.Ke3 g4 35.hxg4 hxg4 36.Rf1 a5
37.a4 b5 38.Ra1 c4 39.bxc4 bxc4 40.d4+ Kd6 41.Rb1 Bd7 42.Ne2 c5 43.e5+ Kc6
44.Rb5 cxd4+ 45.Nxd4+ Kc7 46.Rc5+ Kd8 47.Rxc4 Rb8 48.e6 Be8 49.Kf4 Rb1 50.Kxg4 Ra1
51.Nb3 Ra2 52.Nc5 Bc6 53.Kf5 Bxg2 54.Kf6 Ra1 55.e7+ Ke8 56.Ne6 Rf1+ 57.Rf4 Rxf4+
58.Nxf4  1-0

[Event "1st SCS GM Open"]
[Site "Bhubaneswar IND"]
[Date "2009.06.09"]
[Round "4"]
[White "Adhiban,B"]
[Black "Stany,G"]
[Result "1/2-1/2"]
[WhiteElo "2483"]
[BlackElo "2269"]

1.e4 c5 2.Nf3 Nc6 3.Nc3 Nf6 4.Bb5 Qc7 5.O-O Nd4 6.Nxd4 cxd4 7.Nd5 Nxd5 8.exd5 g6
9.Re1 Bg7 10.Qe2 Bf6 11.c4 O-O 12.d3 d6 13.Bh6 Rd8 14.b4 a6 15.Ba4 b5 16.Bb3 a5
17.cxb5 axb4 18.Bc4 Bd7 19.Rab1  1/2-1/2

[Event "XLIV Capablanca Memorial Open"]
[Site "Havana CUB"]
[Date "2009.06.10"]
[Round "3"]
[White "Fernandez Garcia,JoseL1"]
[Black "Vigoa Apecheche,Yan"]
[Result "1/2-1/2"]
[WhiteElo "2457"]
[BlackElo "2244"]

1.e4 c5 2.Nf3 Nc6 3.Nc3 e5 4.Bc4 Be7 5.d3 d6 6.O-O Nf6 7.Nh4 O-O 8.g3 Be6
9.Nd5 Na5 10.Nf5 Bxf5 11.exf5 Nxd5 12.Bxd5 Nc6 13.f4 exf4 14.Bxf4 Bf6 15.c3 Ne7
16.Qf3 Nxf5 17.Bxb7 Rb8 18.Rf2 Ne7 19.Raf1 Qd7 20.Bd5 Rb6 21.Re1 a5 22.Bc1 a4
23.a3 Rbb8 24.Ba2 d5 25.Bf4 Rfe8 26.Rfe2 d4 27.Be5 Bg5 28.Bf4 Bf6 29.Be5 Bg5
30.cxd4 cxd4 31.Bf4 Bf6 32.Be5 Bg5 33.Bf4 Bf6 34.Be5  1/2-1/2

[Event "XLIV Capablanca Memorial Open"]
[Site "Havana CUB"]
[Date "2009.06.10"]
[Round "3"]
[White "Alonso,J"]
[Black "Fleitas,W"]
[Result "1-0"]
[WhiteElo "2266"]
[BlackElo "2067"]

1.e4 c5 2.Nc3 Nc6 3.Bb5 Nd4 4.Bc4 g6 5.Nf3 Bg7 6.Nxd4 cxd4 7.Qf3 Nh6 8.d3 O-O
9.Ne2 Ng4 10.Bb3 d6 11.Qg3 a5 12.a4 Nf6 13.h4 Kh8 14.h5 gxh5 15.Nxd4 Nxe4
16.dxe4 Bxd4 17.Rxh5 Rg8 18.Rxh7+  1-0

[Event "XLIV Capablanca Memorial Open"]
[Site "Havana CUB"]
[Date "2009.06.10"]
[Round "3"]
[White "Fernandez,Alex"]
[Black "Espinosa Garcia,S"]
[Result "1-0"]
[WhiteElo "2399"]
[BlackElo "2122"]

1.e4 c5 2.Nc3 Nc6 3.Bb5 g6 4.d3 Bg7 5.Bxc6 dxc6 6.Be3 b6 7.Qd2 e5 8.O-O-O Ba6
9.f4 exf4 10.Bxf4 Qd7 11.e5 O-O-O 12.Ne4 Qe6 13.Kb1 h6 14.Nd6+ Kd7 15.d4 c4
16.d5 cxd5 17.Nf3 c3 18.Qxc3 Qxd6 19.e6+ Qxe6 20.Qxg7 Nf6 21.Rhe1 Ne4 22.Rxe4 Qxe4
23.Qxf7+ Kc6 24.Qc7+ Kb5 25.Nd4+  1-0

[Event "zt 2.5 w"]
[Site "Asuncion PAR"]
[Date "2009.06.11"]
[Round "2"]
[White "Lujan,C"]
[Black "Plazaola,M"]
[Result "1/2-1/2"]
[WhiteElo "2324"]
[BlackElo "2160"]

1.e4 c5 2.Nf3 Nc6 3.Nc3 e5 4.Bc4 Be7 5.d3 Nf6 6.O-O O-O 7.a3 d6 8.h3 h6 9.Nd5 Be6
10.c3 Rc8 11.Nxf6+ Bxf6 12.Bxe6 fxe6 13.b4 b6 14.b5 Ne7 15.c4 Ng6 16.g3 Qd7
17.h4 Qf7 18.h5 Nh8 19.Nh2 Qe7 20.Qg4 Nf7 21.Ra2 Rcd8 22.Be3 d5 23.a4 Bg5
24.f4 Bf6 25.Qe2 dxc4 26.dxc4 exf4 27.gxf4 Bd4 28.Nf3 e5 29.Bxd4 cxd4 30.f5 Ng5
31.Kh2 Nxf3+ 32.Rxf3 Qh4+ 33.Rh3 Qf4+ 34.Kg2 Rf6 35.a5 Rfd6 36.Qd3 Qg4+ 37.Kh2 Qf4+
38.Kg2 Qg4+ 39.Kh2 Qf4+  1/2-1/2

[Event "TCh-BUL w"]
[Site "Sunny Beach BUL"]
[Date "2009.06.11"]
[Round "4"]
[White "Sirkova,D"]
[Black "Andreeva,P"]
[Result "1-0"]
[WhiteElo "1963"]
[BlackElo "2127"]

1.e4 c5 2.Nc3 Nc6 3.Bb5 Nd4 4.Ba4 a6 5.Bb3 e6 6.Nf3 Qc7 7.Nxd4 cxd4 8.Ne2 Nf6
9.d3 e5 10.O-O Bc5 11.f4 Nxe4 12.fxe5 O-O 13.Kh1 Qxe5 14.dxe4 Qxe4 15.Rf4 Qe5
16.Nxd4 d6 17.Nf3 Qh5 18.Qd5 Qg6 19.Ng5 Be6 20.Nxe6 Rae8 21.Qf5 Qxf5 22.Rxf5 fxe6
23.Rxf8+ Kxf8 24.Bg5 h6 25.Rf1+ Kg8 26.Bh4 d5 27.Bf2 Bd6 28.Re1 Kf7  1-0

[Event "XLIV Capablanca Memorial Open"]
[Site "Havana CUB"]
[Date "2009.06.12"]
[Round "5"]
[White "Margolin,B"]
[Black "Pazos,M"]
[Result "1-0"]
[WhiteElo "2436"]
[BlackElo "1973"]

1.e4 c5 2.Nc3 Nc6 3.Bb5 Nd4 4.Bc4 a6 5.Nge2 b5 6.Bd5 Rb8 7.Nxd4 cxd4 8.Ne2 e6
9.Bb3 Bb7 10.d3 Qb6 11.O-O d6 12.Kh1 Nf6 13.f4 Be7 14.Qe1 Nd7 15.a3 O-O 16.Qf2 Bf6
17.f5 Rbe8 18.Ng3 d5 19.exd5 exd5 20.Nh5 Be5 21.Bd2 a5 22.Rae1 Re7 23.Qf3 Rc8
24.Bg5 Ree8 25.Bxd5 Bxd5 26.Qxd5 Qc6 27.Qxc6 Rxc6 28.Re2 Rec8 29.Rff2 f6
30.Bf4 b4 31.axb4 axb4 32.b3 Rc5 33.h3 Kf7 34.Bxe5 fxe5 35.g4 h6 36.Kh2 Re8
37.Ng3 Nb6 38.Ne4 Rc6 39.g5 hxg5 40.Nxg5+ Kf6 41.Ne6 Re7 42.Rg2 Nd5 43.Ref2 Rcxe6
44.fxe6+ Nf4 45.Rg4 g5 46.h4 Rh7 47.Kg3 gxh4+ 48.Rxh4 Rg7+ 49.Rg4 Rc7 50.Rgxf4+ exf4+
51.Kxf4 Kxe6 52.Ke4 Rd7 53.Rh2 Rd8 54.Rh6+ Ke7 55.Rc6  1-0

[Event "XLIV Capablanca Memorial Open"]
[Site "Havana CUB"]
[Date "2009.06.12"]
[Round "5"]
[White "Alonso,J"]
[Black "Guerra Mojena,L"]
[Result "1-0"]
[WhiteElo "2266"]
[BlackElo "2252"]

1.e4 c5 2.Nc3 Nc6 3.Bb5 e6 4.Bxc6 bxc6 5.d3 d6 6.f4 Nf6 7.e5 Nd5 8.Ne4 dxe5
9.fxe5 c4 10.Nf3 cxd3 11.Qxd3 Qb6 12.c4 Ba6 13.b3 O-O-O 14.Qe2 Bb4+ 15.Kf1 f5
16.Nd6+ Bxd6 17.exd6 Rxd6 18.Qe5 Rhd8 19.Ke2 Nf6 20.Be3 Qc7 21.h3 Ne4 22.Rhe1 c5
23.Kf1 Rb6 24.Qxc7+ Kxc7 25.Ng5 Nxg5 26.Bxg5 Rd7 27.Re5 Rc6 28.Rae1 Bc8 29.Be3 Kd6
30.Bf4 Ke7 31.Rxf5 Ke8 32.Rfe5 Rf7 33.g3 g6 34.h4 Bd7 35.R1e2 Rf5 36.Rxf5 gxf5
37.Be5 Ke7 38.Kf2 Rc8 39.Rd2 Ke8 40.Ke3 Bc6 41.Kf4 Be4 42.Kg5 Rd8 43.Bd6 Kf7
44.Kf4 a6 45.Ke5 Bb7 46.Rf2 h5 47.Re2 Rc8 48.Kf4 Be4 49.Re3 Kf6 50.Rc3 Rg8
51.Be5+ Kg6 52.a3 Rd8 53.Ke3 Kf7 54.b4 cxb4 55.axb4 Ke7 56.Ra3 Bb7 57.Ra5 Kd7
58.Bf4 Ke8 59.Re5 Kf7 60.Rc5 Rd7 61.Be5 Kg6 62.Rc7 Rxc7 63.Bxc7 Kf6 64.Kd4 Bf3
65.Bf4 Be2 66.Be5+ Kf7 67.c5 Ke8 68.c6 Bf3 69.Kc5 Be4 70.Kd6 Bd5 71.c7 Bb7
72.Kxe6 Bc8+ 73.Kf6 f4 74.gxf4 Kd7 75.Kg6 Ke7 76.f5  1-0